000 00765cam a2200193 i 4500
005 20251117090924.0
008 250721s2006 jo gr 000 0 ara d
082 1 4 _a210.4257512
_bك ع ب
100 1 _aالكعبي، خليفة علي
_eمؤلف.
245 1 2 _aالبصمة الوراثية وأثرها على الأحكام الفقهية :
_bدراسة فقهية مقارنة /
_cتأليف خليفة علي الكعبي.
250 _aالطبعة الأولى.
264 3 1 _aعمان :
_bدار النفائس للنشر والتوزيع،
_c2006.
300 _a544 صفحة.
650 1 7 _aبصمات الأصابع.
650 1 7 _aالأحكام الشرعية.
650 1 7 _aالجينات.
942 _2ddc
_cBK
999 _c100263
_d100263